DBD QUIZ - LICENCES - Statistiques

Statistiques générales
  • Ce quiz a été pris 17 fois
  • Le résultat moyen est 13 sur 21
Statistiques - réponses
Hint Réponse % Correct
2016 Halloween
92%
2019 / Masque ≠ Film Ghostface
85%
2017 (+) Nightmare on Elm Street
85%
2025 Tokyo Ghoul
77%
2023 Alien
69%
2025 Five Nights at Freddy's
69%
2021 - 2025 Hellraiser
69%
2021 Resident Evil
69%
2020 Silent Hill
69%
2017 Texas Chainsaw Massacre
69%
2022 The Ring
69%
2023 (+) Child's Play
62%
2018 SAW
62%
2019 Stranger Things
62%
2024 Tomb Raider
62%
2024 Alan Wake
46%
2024 Castlevania
38%
2024 Dungeons & Dragons
38%
2019 (+) Evil Dead
38%
2017 / Gratuit (+) Left 4 Dead
38%
2025 The Walking Dead
38%
Aucun quiz correspondant
Distribution des résultats
% des personnes avec chaque résultat
Percentile par nombre de réponses
Votre historique - résultats
Vous n’avez pas pris ce quiz